Money banking and international trade. (Record no. 1054)

MARC details
000 -LEADER
fixed length control field 00518cam a2200205ua 4500
001 - CONTROL NUMBER
control field 1142
005 - DATE AND TIME OF LATEST TRANSACTION
control field 20260515113303.0
008 - FIXED-LENGTH DATA ELEMENTS--GENERAL INFORMATION
fixed length control field 110429n ii |||gr||||Z||||||eng
020 ## - INTERNATIONAL STANDARD BOOK NUMBER
International Standard Book Number 81-220-0013-4
040 ## - CATALOGING SOURCE
Transcribing agency MAIN
082 ## - DEWEY DECIMAL CLASSIFICATION NUMBER
Classification number 332.4
245 1# - TITLE STATEMENT
Title Money banking and international trade.
Statement of responsibility, etc. By M L Jhingan.
250 ## - EDITION STATEMENT
Edition statement 2nd.
260 ## - PUBLICATION, DISTRIBUTION, ETC.
Place of publication, distribution, etc. Delhi.:
Name of publisher, distributor, etc. Konark.,986.
300 ## - PHYSICAL DESCRIPTION
Extent 491 p.:
Dimensions 25 cm.
653 ## - INDEX TERM--UNCONTROLLED
Uncontrolled term Economics.
653 ## - INDEX TERM--UNCONTROLLED
Uncontrolled term Money banking and international trade.
700 ## - ADDED ENTRY--PERSONAL NAME
Personal name Jhingan, M N.,
942 ## - ADDED ENTRY ELEMENTS (KOHA)
Koha item type Books
Holdings
Withdrawn status Lost status Damaged status Not for loan Home library Current library Shelving location Date acquired Total checkouts Full call number Barcode Date last seen Copy number Price effective from Koha item type
        Naharkatiya College Library Naharkatiya College Library General stacks 09/19/2020   332.4 | JHI 2358 09/19/2020 2 09/19/2020 Books
        Naharkatiya College Library Naharkatiya College Library General stacks 09/19/2020   332.4 | JHI 2360 09/19/2020 1 09/19/2020 Books